Estadísticas para Ciudades con el Mayor Número de Embajadas Extranjeras

Haz click aquí para tomar la prueba!

Estadísticas generales

  • Esta prueba ha sido tomada 907 veces
  • La puntuación promedio es 16 de 21

Estadísticas de respuestas

#Ciudad% Correcto
158París
97%
121Madrid
97%
168Londres
96%
177Washington D.C.
96%
166Pekín
94%
153Tokio
94%
148Moscú
94%
140Roma
93%
160Berlín
93%
131Brasilia
82%
130Ottawa
79%
183Bruselas
77%
150Nueva Delhi
77%
110Seúl
71%
141El Cairo
66%
117Viena
63%
107Estocolmo
63%
125Ankara
58%
133Pretoria
40%
107La Haya
19%
108Adís Abeba
14%

Distribución de puntuación

Porcentaje por número respondido

Porcentaje de gente con cada puntuación

Historial de tus puntuaciones

No has tomado esta prueba